Haut moyen age

Saved in:
Bibliografiske detaljer
Hovedforfatter: Corboz, André (Author)
Format: Bog
Sprog:fransk
Udgivet: Friburgo Office du Livre 1970
Serier:Architecture Universelle
Fag:
Tags: Tilføj Tag
Ingen Tags, Vær først til at tagge denne postø!

MARC

LEADER 00000nam a2200000 a 4500
001 UCK4262
003 CL-VaPUC
008 050527e19700000sz |||||||||||||||||fre|d
020 |a 2826401181 
082 0 4 |a 723  |b COR  |2 21 
100 0 |a Corboz, André  |e author  |9 492768 
245 1 0 |a Haut moyen age 
300 |a 192 p 
942 |c BK 
945 |d 20050527 00:00:00  |a jcarroza 
260 |a Friburgo  |b Office du Livre  |c 1970 
650 0 |a Arquitectura medieval   |9 267661 
650 0 |a Arte medieval  |9 267894 
651 0 |a Europa  |9 255156 
583 |a last modification  |c 20171130 11:20:39  |k Rodrigo Vera 
490 0 |a Architecture Universelle 
999 |c 313199  |d 313197 
952 |0 0  |1 0  |4 0  |6 723_000000000000000_COR_1970  |7 0  |8 A  |9 384340  |a BIBARQ  |b BIBARQ  |d 2019-11-22  |i 4127714  |l 1  |o 723 COR 1970  |p 4127714  |r 2025-01-20  |s 2022-08-11  |w 2019-11-22  |y BK  |k ARQ